LIBRARY & INFORMATION CENTRE, KCAET, TAVANUR

ONLINE PUBLIC ACCESS CATALOGUE (OPAC)

Vivekananda sahitya sarvasvam, Part 1: Yogathrayam / (Record no. 4770)

MARC details
000 -LEADER
fixed length control field 00452cam a2200169ua 4500
041 ## - LANGUAGE CODE
Language code of text/sound track or separate title mal
082 ## - DEWEY DECIMAL CLASSIFICATION NUMBER
Classification number 181.4
Item number VIV/VI
100 ## - MAIN ENTRY--AUTHOR NAME
Personal name Swami Vivekanandan, .
245 ## - TITLE STATEMENT
Title Vivekananda sahitya sarvasvam, Part 1: Yogathrayam /
260 ## - PUBLICATION, DISTRIBUTION, ETC. (IMPRINT)
Place of publication Thrissur :
Name of publisher Sree Ramakrishnasramam ,
Year of publication 1962.
300 ## - PHYSICAL DESCRIPTION
Number of Pages 575 ; .
942 ## - ADDED ENTRY ELEMENTS (KOHA)
Koha item type Books
Holdings
Withdrawn status Lost status Damaged status Home library Current library Date acquired Full call number Accession Number Koha item type
Withdrawn     KAUAET RARS Pattambi 07/04/2012 181.4 5717 Books
free website counter